000 00809nam a2200229Ii 4500
003 JO-AjNU
008 230605s9999||||xx |||||||||||||| ||und||
017 _a8712668
020 _a977-373-073-05
040 _aJO-AjNU
_bara
_erda
_cJO-AjNU
041 _aara
050 1 4 _aHG3386.A8 .A755 1987
100 3 _aفؤاد، نعمات احمد,
_eauthor
_99216
245 0 0 _aاللص...والكلاب : محنة من البنوك المصرية
250 _aط1
264 3 1 _aالقاهرة: عالم الكتب، 1987
300 _a167ص
_bيحتوي على ملاحق و ببلوغرافية و وثائق من ص 145- 167ص
336 _atext
_btxt
_2rdacontent
337 _aunmediated
_bn
_2rdamedia
338 _avolume
_bnc
_2rdacarrier
650 4 _a بنوك وأعمال مصرفية - مصر
_99217
999 _aA1185
_c4753
_d4753